PDC Players Championship Finals (Darts) - Statistiken

Allgemein
  • Dieses Quiz wurde 514 mal gespielt
    53 seit der letzten Aktualisierung
  • Das Durchschnittsergebnis liegt bei 16 aus 18
Antwortstatistiken
Jahr Nationalität Gewinner % Korrekt
2025 England Luke Littler
98%
2013 Niederlande Michael van Gerwen
98%
2015 Niederlande Michael van Gerwen
98%
2016 Niederlande Michael van Gerwen
98%
2017 Niederlande Michael van Gerwen
98%
2019 Niederlande Michael van Gerwen
98%
2020 Niederlande Michael van Gerwen
98%
2022 Niederlande Michael van Gerwen
98%
2021 Schottland Peter Wright
98%
2023 England Luke Humphries
93%
2024 England Luke Humphries
93%
2014 Schottland Gary Anderson
91%
2009 England Phil Taylor
91%
2011 (Feb.) England Phil Taylor
91%
2012 England Phil Taylor
91%
2018 Nordirland Daryl Gurney
78%
2010 Australien Paul Nicholson
22%
2011 (Dez.) England Kevin Painter
17%
Keine übereinstimmenden Quizze gefunden
Verteilung der Resultate
Anzahl Personen mit jedem Resultat
Perzentil nach korrekt beantworteten Fragen
Ihre Resultats-Entwicklung
Sie haben dieses Quiz seit der letzten Aktualisierung nicht gespielt